България - 8 000 фирми, организации, институти (Запис номер 161774)
[ съкратено ]
| 000 -Лидер | |
|---|---|
| Контролно поле с фиксирана дължина | 05493nam a2200901 c 4500 |
| 003 - Код на организацията, давaща контролен номер | |
| Контролно поле | BLK |
| 005 - Дата и час на последна редакция | |
| Контролно поле | 20180422113814.0 |
| 008 - Елементи от данни с фиксирана дължина | |
| fixed length control field | 180410b bul|||||r ||||||| ||bul|| |
| 010 ## - Наследен системен номер | |
| LC control number | KNG00169133000 |
| 040 ## - Източник на каталожния запис | |
| Идентификатор на билиотеката - собственик на записа | BLK |
| 041 ## - Код за език | |
| Код за езика на текст/звукозапис или на отделно заглавие | Български |
| Код за езика КДБФ | Български |
| 080 ## - УДК | |
| Текстов определител УДК | Форми на предприятията в зависимост от отношението към собствеността... |
| УДК код - определител по УДК | 334.72 |
| УДК определител | (497.2)(035) |
| УДК - код + определител | 334.72(497.2)(035) |
| 139 ## - Редно поле | |
| Редна дума | България - 8 000 фирми, организации, институти |
| Авторски знак | Бъл - Б 92 |
| 245 10 - Сведения за заглавието | |
| Заглавие | България - 8 000 фирми, организации, институти |
| Подзаглавни данни | Справ. : Кн. 1 - 3 |
| Редно поле (дума) | състав. Анастас Илиев; състав. Пламен Пъчев; авт. на том Анастас Илиев; * Борис Стоянов Стоянов; * Вяра Димчева; * Димитър Зафиров; * Елена Григорова; * Иван Михайлов; * Иван Чавдаров; * Илия Торков; * Мариана Ангелова; * Мая Игнева; * Надежда Даскалова; * Наташа Живкова; * Наташа Ценева; * Николай Бузин; * Николай Робев; * Петко Петков; * Росица Стойчева; * Румен Чинарски; * Симеон Неделчев; * Яна Виткова; * Захари Стайков; * Найден Моев Мончев; * Александър Вълчев; * А. Петков; * Атанас Атанасов; * Бенко Стоянов Бенев; * Бони Немски; * Валери Караджинов; * Георги Стоянов; * Гочо Гочев; * Д. Денев; * Елисавета Матвеева; * Иван Динев; * Иван Николаев; * Костадин Владов; * Личо Личев; * Марин Маринов; * Михаил Стефанов; * Младен Гутев Цонев; * Христо Домозетов; * Чавдар Руменин; * Чавдар Русев. |
| Том | Кн. 1. |
| 257 ## - Страна на издаване | |
| Страна на създаване/издаване | България |
| 260 ## - Област на издателските данни | |
| -- | София |
| Име на издателя, разпространителя и проч. | Интер идея |
| Година на издаване | 1991-1992 |
| 300 ## - Физическа характеристика | |
| Размери/Мащаб | 23 см |
| 380 ## - Жанр | |
| Жанр | Обществени науки |
| 490 1# - СЕРИИ (Колекции) | |
| Име на серия | Кой какъв е в българския бизнес? |
| 500 ## - Общи забележки | |
| Забележка | 7 200 тир. |
| 650 #4 - Допълнително описание по предмет – тема | |
| Основно описание – тема или топоним | Фирми - България - справочници |
| 9 (RLIN) | 259415 |
| 651 #4 - Допълнително описание по предмет - топоним | |
| Географско понятие | България |
| 9 (RLIN) | 241624 |
| 653 ## - Ключова дума – ненормативна | |
| Ключова дума | фирми |
| 653 ## - Ключова дума – ненормативна | |
| Ключова дума | организации |
| 653 ## - Ключова дума – ненормативна | |
| Ключова дума | институти |
| 653 ## - Ключова дума – ненормативна | |
| Ключова дума | България |
| 653 ## - Ключова дума – ненормативна | |
| Ключова дума | справочници |
| 700 1# - Други автори (авторска отговорност) | |
| Лично име | Илиев, Анастас |
| Автороска отговорност (Описва отношението между автора и произведението) | състав. |
| 9 (RLIN) | 370100 |
| 700 1# - Други автори (авторска отговорност) | |
| Лично име | Пъчев, Пламен |
| Автороска отговорност (Описва отношението между автора и произведението) | състав. |
| 9 (RLIN) | 381755 |
| 700 1# - Други автори (авторска отговорност) | |
| Лично име | Илиев, Анастас |
| Автороска отговорност (Описва отношението между автора и произведението) | авт. на том |
| 9 (RLIN) | 370100 |
| 700 1# - Други автори (авторска отговорност) | |
| Лично име | Стоянов, Борис Стоянов |
| Автороска отговорност (Описва отношението между автора и произведението) | * |
| 9 (RLIN) | 364241 |
| 700 1# - Други автори (авторска отговорност) | |
| Лично име | Димчева, Вяра |
| Автороска отговорност (Описва отношението между автора и произведението) | * |
| 9 (RLIN) | 335340 |
| 700 1# - Други автори (авторска отговорност) | |
| Лично име | Зафиров, Димитър |
| Автороска отговорност (Описва отношението между автора и произведението) | * |
| 9 (RLIN) | 381756 |
| 700 1# - Други автори (авторска отговорност) | |
| Лично име | Григорова, Елена |
| Автороска отговорност (Описва отношението между автора и произведението) | * |
| 9 (RLIN) | 381757 |
| 700 1# - Други автори (авторска отговорност) | |
| Лично име | Михайлов, Иван |
| Автороска отговорност (Описва отношението между автора и произведението) | * |
| Друга информация | Николов, Иван Михайлов |
| 9 (RLIN) | 364379 |
| 700 1# - Други автори (авторска отговорност) | |
| Лично име | Чавдаров, Иван |
| Автороска отговорност (Описва отношението между автора и произведението) | * |
| 9 (RLIN) | 335341 |
| 700 1# - Други автори (авторска отговорност) | |
| Лично име | Торков, Илия |
| Автороска отговорност (Описва отношението между автора и произведението) | * |
| 9 (RLIN) | 130650 |
| 700 1# - Други автори (авторска отговорност) | |
| Лично име | Ангелова, Мариана |
| Автороска отговорност (Описва отношението между автора и произведението) | * |
| 9 (RLIN) | 335342 |
| 700 1# - Други автори (авторска отговорност) | |
| Лично име | Игнева, Мая |
| Автороска отговорност (Описва отношението между автора и произведението) | * |
| 9 (RLIN) | 72044 |
| 700 1# - Други автори (авторска отговорност) | |
| Лично име | Даскалова, Надежда |
| Автороска отговорност (Описва отношението между автора и произведението) | * |
| 9 (RLIN) | 371224 |
| 700 1# - Други автори (авторска отговорност) | |
| Лично име | Живкова, Наташа |
| Автороска отговорност (Описва отношението между автора и произведението) | * |
| 9 (RLIN) | 335343 |
| 700 1# - Други автори (авторска отговорност) | |
| Лично име | Ценева, Наташа |
| Автороска отговорност (Описва отношението между автора и произведението) | * |
| 9 (RLIN) | 335344 |
| 700 1# - Други автори (авторска отговорност) | |
| Лично име | Бузин, Николай |
| Автороска отговорност (Описва отношението между автора и произведението) | * |
| 9 (RLIN) | 369842 |
| 700 1# - Други автори (авторска отговорност) | |
| Лично име | Робев, Николай |
| Автороска отговорност (Описва отношението между автора и произведението) | * |
| 9 (RLIN) | 335345 |
| 700 1# - Други автори (авторска отговорност) | |
| Лично име | Петков, Петко |
| Автороска отговорност (Описва отношението между автора и произведението) | * |
| 9 (RLIN) | 363350 |
| 700 1# - Други автори (авторска отговорност) | |
| Лично име | Стойчева, Росица |
| Автороска отговорност (Описва отношението между автора и произведението) | * |
| 9 (RLIN) | 381758 |
| 700 1# - Други автори (авторска отговорност) | |
| Лично име | Чинарски, Румен |
| Автороска отговорност (Описва отношението между автора и произведението) | * |
| 9 (RLIN) | 141806 |
| 700 1# - Други автори (авторска отговорност) | |
| Лично име | Неделчев, Симеон |
| Автороска отговорност (Описва отношението между автора и произведението) | * |
| 9 (RLIN) | 335346 |
| 700 1# - Други автори (авторска отговорност) | |
| Лично име | Виткова, Яна |
| Автороска отговорност (Описва отношението между автора и произведението) | * |
| 9 (RLIN) | 335347 |
| 700 1# - Други автори (авторска отговорност) | |
| Лично име | Стайков, Захари |
| Автороска отговорност (Описва отношението между автора и произведението) | * |
| 9 (RLIN) | 381759 |
| 700 1# - Други автори (авторска отговорност) | |
| Лично име | Мончев, Найден Моев |
| Автороска отговорност (Описва отношението между автора и произведението) | * |
| 9 (RLIN) | 378140 |
| 700 1# - Други автори (авторска отговорност) | |
| Лично име | Вълчев, Александър |
| Автороска отговорност (Описва отношението между автора и произведението) | * |
| 9 (RLIN) | 369551 |
| 700 1# - Други автори (авторска отговорност) | |
| Лично име | Петков, А. |
| Автороска отговорност (Описва отношението между автора и произведението) | * |
| 9 (RLIN) | 335348 |
| 700 1# - Други автори (авторска отговорност) | |
| Лично име | Атанасов, Атанас |
| Автороска отговорност (Описва отношението между автора и произведението) | * |
| 9 (RLIN) | 363418 |
| 700 1# - Други автори (авторска отговорност) | |
| Лично име | Бенев, Бенко Стоянов |
| Автороска отговорност (Описва отношението между автора и произведението) | * |
| 9 (RLIN) | 378195 |
| 700 1# - Други автори (авторска отговорност) | |
| Лично име | Немски, Бони |
| Автороска отговорност (Описва отношението между автора и произведението) | * |
| 9 (RLIN) | 335349 |
| 700 1# - Други автори (авторска отговорност) | |
| Лично име | Караджинов, Валери |
| Автороска отговорност (Описва отношението между автора и произведението) | * |
| 9 (RLIN) | 381760 |
| 700 1# - Други автори (авторска отговорност) | |
| Лично име | Стоянов, Георги |
| Автороска отговорност (Описва отношението между автора и произведението) | * |
| 9 (RLIN) | 363499 |
| 700 1# - Други автори (авторска отговорност) | |
| Лично име | Гочев, Гочо |
| Автороска отговорност (Описва отношението между автора и произведението) | * |
| 9 (RLIN) | 371221 |
| 700 1# - Други автори (авторска отговорност) | |
| Лично име | Денев, Д. |
| Автороска отговорност (Описва отношението между автора и произведението) | * |
| 9 (RLIN) | 381761 |
| 700 1# - Други автори (авторска отговорност) | |
| Лично име | Матвеева, Елисавета |
| Автороска отговорност (Описва отношението между автора и произведението) | * |
| 9 (RLIN) | 335350 |
| 700 1# - Други автори (авторска отговорност) | |
| Лично име | Динев, Иван |
| Автороска отговорност (Описва отношението между автора и произведението) | * |
| 9 (RLIN) | 381762 |
| 700 1# - Други автори (авторска отговорност) | |
| Лично име | Николаев, Иван |
| Автороска отговорност (Описва отношението между автора и произведението) | * |
| 9 (RLIN) | 381763 |
| 700 1# - Други автори (авторска отговорност) | |
| Лично име | Владов, Костадин |
| Автороска отговорност (Описва отношението между автора и произведението) | * |
| 9 (RLIN) | 335351 |
| 700 1# - Други автори (авторска отговорност) | |
| Лично име | Личев, Личо |
| Автороска отговорност (Описва отношението между автора и произведението) | * |
| 9 (RLIN) | 335352 |
| 700 1# - Други автори (авторска отговорност) | |
| Лично име | Маринов, Марин |
| Автороска отговорност (Описва отношението между автора и произведението) | * |
| 9 (RLIN) | 365750 |
| 700 1# - Други автори (авторска отговорност) | |
| Лично име | Стефанов, Михаил |
| Автороска отговорност (Описва отношението между автора и произведението) | * |
| 9 (RLIN) | 381764 |
| 700 1# - Други автори (авторска отговорност) | |
| Лично име | Цонев, Младен Гутев |
| Автороска отговорност (Описва отношението между автора и произведението) | * |
| 9 (RLIN) | 372603 |
| 700 1# - Други автори (авторска отговорност) | |
| Лично име | Домозетов, Христо |
| Автороска отговорност (Описва отношението между автора и произведението) | * |
| 9 (RLIN) | 381765 |
| 700 1# - Други автори (авторска отговорност) | |
| Лично име | Руменин, Чавдар |
| Автороска отговорност (Описва отношението между автора и произведението) | * |
| 9 (RLIN) | 335353 |
| 700 1# - Други автори (авторска отговорност) | |
| Лично име | Русев, Чавдар |
| Автороска отговорност (Описва отношението между автора и произведението) | * |
| 9 (RLIN) | 335354 |
| 760 1# - Описание на основната серия | |
| Място на издаване, издател и година | 1991 |
| Страници - том | 918 с. раздр. паг. : с ил. |
| Забележка - том | Други авт.: Б. Стоянов, В. Димчева, Д. Зафиров, Е. Григорова, Ив. Михайлов, Ив. Чавдаров, И. Торков, М. Ангелова, М. Игнева, Н. Даскалова, Н. Живкова, Н. Ценева, Н. Бузин, Н. Робев, П. Петков, Р. Стойчева, Р. Чинарски, С. Неделчев, Я. Виткова, отбелязани на гърба на загл. с. |
| Заглавие | Кн. 1. |
| 852 ## - Местоположение | |
| Форматна сигнатура | Цб 167469 |
| 856 4# - Електронен адрес и достъп | |
| Електронен формат | pdf - файл |
| Път до файла /url/ | |
| 856 4# - Електронен адрес и достъп | |
| Електронен формат | pdf - файл |
| Път до файла /url/ | |
| 942 ## - АРТИКУЛИ | |
| Вид на библиотечния материал | Книги |
| Скрит в OPAC | Не |
| 944 ## - СЪЗДАВАНЕ И РЕДАКЦИЯ на ЗАПИСА | |
| Създаване/Редакция | Създаване |
| Дата на регистрацията/редакция | 23.12.2014 |
| Статус, дата на статуса | 23.12.2014 - от С1,Р / 23.12.2014 |
| Служител, извършил регистрацията/редакцията | Правда_Бадева |
| 944 ## - СЪЗДАВАНЕ И РЕДАКЦИЯ на ЗАПИСА | |
| Създаване/Редакция | Редакция |
| Дата на регистрацията/редакция | 23.12.2014 |
| Статус, дата на статуса | 23.12.2014 - от С1,Р / 23.12.2014 |
| Служител, извършил регистрацията/редакцията | |
| 999 ## - СИСТЕМНИ КОНТРОЛНИ НОМЕРА | |
| Koha biblionumber | 161774 |
| Koha biblioitemnumber | 161774 |
| Код за отписване | Код за изгубен артикул | Източник на класификационната схема | Код за повреда | Коз за рестрикции | Код за отдаване | Артикулен № | Име на библиотеката - собственик | Име на библиотеката, в която се намира в момента | Статус (Текущо местоположение) | Дата на вписване в системата | Местоположение - отдел | Цена в лева | Инвентарен номер | Систематично азбучна сигнатура | Баркод | Номер на екземпляра | Цена в евро | Служебна бележка | Служебен тип на артикула |
|---|---|---|---|---|---|---|---|---|---|---|---|---|---|---|---|---|---|---|---|
| Не е изгубен | Universal Decimal Classification | Не е повреден | без рестрикции | ползва се в читалня | 270253 | Регионална библиотека "Любен Каравелов" Русе | Регионална библиотека "Любен Каравелов" Русе | Хранилище | 1991-01-01 | Хранилище | 0.00 | 563396 | Цб 167469 | 120000563396 | 1 | 0.00 | N: стар фонд Дата: 01.01.1991 | Книги |